1996 1472 1888 1118 1746 1836 1909 1050 1413 1159 1867 1289 1174 1613 1676 1707 1139 1456 1179 1717 1759 1220 1746 1292 1943 1725 1257 1698 1583 1075 1405 1930 1962 1571 1960 1065 1840 1387 1556 1745 1130 1308 1483 1819 1315 1324 1676 1264 1639 1778 1122 1318 1128 1548 1383 1183 1762 1901 1496 1310 1613 1532 1888 1927 1631 1126 1547 1717 1148 1360 1557 1045 1034 1564 1665 1342 1508 1567 1671 1923 1198 1055 1492 1420 1036 1171 1323 1914 1162 1888 1350 1104 1104 1254 1165 1076 1224 1108 1904 BCNSPRNW ULIB Ver.6.0+V

เปลี่ยนเป็นภาษาไทย

Change to English
 แสดงรายละเอียดบรรณานุกรม
  กลับหน้าหลัก

Brief Record : Get Marc (ISO 2709) : E-mail record : QR code < ปิดหน้าต่าง
LEADER : 00000nam 2200000uu 4500
001    13399111580
003     ULIB
008    110701s||||||||th 000 0 tha d
020    9786169005452
041 1  tha^heng
050  4 BQ4570^bบ351ศ 2552
100 1  วอลเลซ, บี. อลัน
245 10 ศาสตร์แห่งภาวนา :^bการหลอมรวมพุทธศาสนากับประสาทวิทยา =^bContemplative science : where Buddhism and neuroscience conberge /^cบี. อลัน วอลเลซ, เขียน ; เพชรรัตน์ พงษ์เจริญสุข, แปล ; พจนา จันทรสันติ, บรรณาธิการ
246 31 Contemplative science :^bwhere Buddhism and neuroscience conberge
250    พิมพ์ครั้งที่ 1
260    กรุงเทพฯ :^bสวนเงินมีมา,^c2552
300    301 หน้า :^bภาพประกอบ ;^c21 ซม.
440  0 ชุดกระบวนทัศน์ใหม่
650  7 ประสาทวิทยา^xแง่ศาสนา^xพุทธศาสนา
650  7 พุทธศาสนา^xแง่จิตวิทยา
650  7 ศาสนากับการแพทย์
650  7 ภาวนา
700 0  เพชรรัตน์ พงษ์เจริญสุข,^eผู้แปล
700 0  พจนา จันทรสันติ,^eบรรณาธิการ
945    ^p300^l0^i028428
995    ทศพร
999 ^a ใช้งานได้ทุกระบบ
รายการนี้ยังไม่มีแท็ก
คุณยังไม่ได้ล็อกอิน คุณสามารถมีกิจกรรมร่วมกับเว็บไซต์ได้ แต่ต้องล็อกอินก่อน ::
  ล็อกอิน

รายการสื่อสารสนเทศ

ลำดับที่ ประเภท เลขเรียก/บาร์โค้ด สถานที่ สถานะ
- ไม่พบข้อมูล -

รายการใกล้เคียง
    ผู้แต่ง [วอลเลซ, บี. อลัน]

    หัวเรื่อง [ศาสนากับการแพทย์]
    หัวเรื่อง [ภาวนา]

BibComment


ยังไม่เคยถูกคอมเมนท์

คอมเมนท์ทรัพยากรรายการนี้
  คอมเมนท์: ศาสตร์แห่งภาวนา ..


 Copyright 2026. Bcnsprnw @Library